Nhập môn cơ học lượng tử

Sách cung cấp kiến thức cơ sở (cơ sở kinh điển, cơ sở toán học, cơ sở thực nghiệm), mô hình toán học, các phương pháp (phương pháp tách biến số, phương pháp lý thuyết nhóm, phương pháp tính gần đúng, phương pháp biến thiên, phương phá...

Täydet tiedot

Tallennettuna:
Bibliografiset tiedot
Päätekijä: Hoàng, Dũng
Aineistotyyppi: Kirja
Kieli:Undetermined
Julkaistu: Hà Nội Giáo dục 1999
Aiheet:
Tagit: Lisää tagi
Ei tageja, Lisää ensimmäinen tagi!
Thư viện lưu trữ: Trung tâm Học liệu Trường Đại học Cần Thơ
LEADER 01472nam a2200217Ia 4500
001 CTU_156463
008 210402s9999 xx 000 0 und d
082 |a 530.12 
082 |b H407/T.1 
100 |a Hoàng, Dũng 
245 0 |a Nhập môn cơ học lượng tử 
245 0 |c Hoàng Dũng 
260 |a Hà Nội 
260 |b Giáo dục 
260 |c 1999 
520 |a Sách cung cấp kiến thức cơ sở (cơ sở kinh điển, cơ sở toán học, cơ sở thực nghiệm), mô hình toán học, các phương pháp (phương pháp tách biến số, phương pháp lý thuyết nhóm, phương pháp tính gần đúng, phương pháp biến thiên, phương pháp tính gần đúng Hartree - Fok...), việc vận dụng trong vấn đề cấu tạo chất (cấu tạo nguyên tử và hạt nhân, cấu tạo phân tử), và sau cùng sách giới thiệu thuyết lượng tử sơ cấp về liên kết hóa học, phương pháp MO-LCAO cũnng như vài nét về phương pháp cơ học lượng tử trong hóa học hiện đại. 
526 |a Cơ học lượng tử 1,Cơ học lượng tử 
526 |b SP352,TN668 
650 |a Cơ học lượng tử,Quantum theory 
904 |i Thiêu,Hải 
980 |a Trung tâm Học liệu Trường Đại học Cần Thơ